| 000 | 00612cam a2200205 i 4500 | ||
|---|---|---|---|
| 001 | 25623 | ||
| 003 | Mx-PuUPA | ||
| 005 | 20260221135848.0 | ||
| 008 | 140415s2018 mx gr 000 0 spa d | ||
| 020 | _a9786079808419 | ||
| 040 | _cMx-PuUPA | ||
| 041 | _aspa | ||
| 082 | 0 | 4 |
_axx _bxx _223 |
| 245 | 1 | 0 |
_aVampiros : _bantes y después de drácula |
| 250 |
_aPrimera edición / _bjulio |
||
| 264 | 1 |
_aCiudad de México : _bUniverso de libros, _c©2018 |
|
| 300 |
_a204 páginas ; _c23 cm |
||
| 942 |
_2ddc _cLI _hxx _ixx |
||
| 999 |
_c25623 _d25623 |
||